000 00576nam a2200217Ia 4500
003 OSt
005 20220926044823.0
006 a|||||r|||| 00| 0
007 ta
008 220923b |||||||| |||| 00| 0 eng d
037 _cGeneral Book
040 _aRTL
_cRTL
_beng
041 _2eng
_aeng
082 _aW:9150X, H4
100 _aMoulton Harold G
_9126318
245 0 _aControl of Germany and Japan
260 _c1944
700 _a Marlio Louis
_9347387
942 _hW:9150X, H4
_cGB
_2CC
999 _c675885
_d675885